000 00619nam a2200241Ia 4500
001 49634
005 20240114003959.0
007 ta
008 090528s3509 g b000 u 807 u
040 _aCotton College Assam
041 _a807
082 _a891.430
_bV 59 P
100 _aVerrma, Narendradeb .
245 0 _aPrayogwad /
_cNarendradeb Verma.
_hTextual Documents
250 _a1st ed /
260 _aKanpur :
_bAnusandhan Prakashan ,
_c53509.
300 _a324p ;
_c23 cm.
653 _aHindi literature
653 _aT/G-Hindi
942 _2ddc
_cBK
999 _c49599
_d49599